Segundo estudio nacional de consumo de drogas: Chile 1996
Gardado en:
| Corporate Authors: | , |
|---|---|
| Formato: | Libro |
| Idioma: | Lingua castelá |
| Publicado: |
Santiago
CONACE
1998
|
| Subjects: | |
| Tags: |
Engadir etiqueta
Sen Etiquetas, Sexa o primeiro en etiquetar este rexistro!
|
MARC
| LEADER | 00000nam a2200000 a 4500 | ||
|---|---|---|---|
| 001 | UCQ7273 | ||
| 003 | CL-VaPUC | ||
| 008 | 981107e19980000CL |||||||||||||||||spa|d | ||
| 082 | 0 | 4 | |a 362.29 |b CON |2 21 |
| 110 | 2 | |a Consejo Nacional para el Control de Estupefacientes |e author |9 421118 | |
| 710 | 2 | |a CONACE |e author |9 421119 | |
| 245 | 1 | 0 | |a Segundo estudio nacional de consumo de drogas: Chile 1996 |
| 300 | |a 348 p | ||
| 942 | |c BK | ||
| 945 | |d 19981107 00:00:00 |a aarredon | ||
| 260 | |a Santiago |b CONACE |c 1998 | ||
| 650 | 0 | |a Consumo de drogas |9 390009 | |
| 650 | 0 | |a Jóvenes |9 326981 | |
| 650 | 0 | |a Drogas |9 254877 | |
| 650 | 0 | |a Adicción |9 337026 | |
| 650 | 7 | |a ESTUPEFACIENTES |2 CL-VaPUC |9 328329 | |
| 650 | 0 | |a Drogadicción |9 331967 | |
| 650 | 0 | |a Adolescentes |9 308058 | |
| 650 | 7 | |a PREVENCION |2 CL-VaPUC |9 322995 | |
| 650 | 7 | |a COCAINA |2 CL-VaPUC |9 326326 | |
| 651 | 7 | |a CHILE |2 CL-VaPUC |9 421120 | |
| 583 | |a last modification |c 19981107 00:00:00 |k Rodrigo Vera | ||
| 999 | |c 276990 |d 276988 | ||
| 952 | |0 0 |1 0 |4 0 |6 362_290000000000000_CON_1998 |7 0 |8 A |9 314652 |a BIBEDU |b BIBEDU |c ES_NOD |d 2019-11-20 |i 3478823 |o 362.29 CON 1998 |p 3478823 |r 2023-08-09 |w 2019-11-20 |y BK |k EDU | ||
| 952 | |0 0 |1 0 |4 0 |6 362_290000000000000_CON_1998 |7 0 |8 F |9 314653 |a BIBGIM |b BIBGIM |d 2019-11-20 |i 3477967 |o 362.29 CON 1998 |p 3477967 |r 2025-01-15 |w 2019-11-20 |y BK_F |k SSL | ||